| 000 | 00417cam a2200157 a 4500 | ||
|---|---|---|---|
| 020 | _a0582229685 | ||
| 082 |
_a696 _bHAL _cL-39, P-54 |
||
| 100 | 1 |
_aHall, F. _945596 |
|
| 245 | 1 | 0 |
_aBuilding services and equipment / _cF. Hall. |
| 250 | _a2nd. ed. | ||
| 260 |
_aOxford : _bNewes, _c1994. |
||
| 300 |
_a164 p. : _bill. ; _c32 cm. |
||
| 526 |
_a0 _b0 _c0 _d696_000000000000000_HAL |
||
| 650 | 0 |
_aMCE _9379 |
|
| 942 |
_2ddc _cBK |
||
| 999 |
_c549075 _d549075 |
||